01437nam a22003497a 4500003000500000005001700005008004100022010001000063011001000073035001000083040000900093090001000102100005200112245007100164260004000235300002000275502012000295590003700415590004100452590004100493590004100534590004200575650002300617650005500640901000700695942000900702949004300711949005500754999001700809952013300826952012800959CHAP20220329140937.0971013s1994 r 00010 d a60179 a61151 a65315 cCHAP aTesis00aGuerrero González, Leonardo Francisco.951213 aContribución al conocimiento del género Podocarpus en México aChapingo, Méx. :bEl autor,c1994 a151 h.b: ilus. aTesis (Ing. Forestal con orientación en Evaluación y Abastecimiento) -- UACH. División de Ciencias Forestales aALEPHb10c20130110lUCH01h1339 aBATCH-UPDb10c20130110lUCH01h0404 aBATCH-UPDb10c20130410lUCH01h0037 aBATCH-UPDb10c20130914lUCH01h1555 aCONVERSIONb10c20130109lUCH01h133214aPodocarpus.98947614aRecursos naturalesxConservaciónxPuebla.995249 aBK cFOLL bBCcTESd-145396eTS1h28952i65315si bBCcTESd33724000170387eTS2fc.2h28953i65315si c60179d60179 00102local4053708TESISaBCbBCcPA_TESISd2019-12-31fTESISl0p33724000170387r2019-12-31 00:00:00tc.2w2019-12-31yTESIS 00102local4051708TESISaBCbBCcPA_TESISd2019-12-31fTESISl0oTesisp-145396r2019-12-31 00:00:00w2019-12-31yTESIS